Tầng lớp trung lưu Hàn Quốc trong quá trình chuyển đổi sang nền dân chủ /
Αποθηκεύτηκε σε:
| Κύριος συγγραφέας: | |
|---|---|
| Άλλοι συγγραφείς: | |
| Μορφή: | Άρθρο |
| Γλώσσα: | Vietnamese |
| Θέματα: | |
| Ετικέτες: |
Προσθήκη ετικέτας
Δεν υπάρχουν, Καταχωρήστε ετικέτα πρώτοι!
|
| Thư viện lưu trữ: | Thư viện Trường Đại học Đà Lạt |
|---|
| LEADER | 00906nam a2200301 4500 | ||
|---|---|---|---|
| 001 | DLU210195667 | ||
| 005 | ##20210121 | ||
| 040 | # | # | |a DLU |b vie |
| 041 | # | # | |a vie |
| 044 | # | # | |a vn |
| 100 | # | # | |a Lê Kim Sa. |
| 245 | # | # | |a Tầng lớp trung lưu Hàn Quốc trong quá trình chuyển đổi sang nền dân chủ / |c Lê Kim Sa, Nguyễn Thị Vân Hà. |
| 653 | # | # | |a Chuyển đổi |
| 653 | # | # | |a Hàn Quốc |
| 653 | # | # | |a Phong trào dân chủ |
| 653 | # | # | |a Tầng lớp trung lưu |
| 700 | # | # | |a Nguyễn Thị Vân Hà. |
| 773 | # | # | |t Nghiên cứu Đông Bắc Á |g Số 2(216), 2019, tr. 33-42 |
| 920 | # | # | |a Phòng Tạp chí -- Trung tâm Thông tin - Thư viện Trường Đại học Đà Lạt |
| 933 | # | # | |a LS |
| 994 | # | # | |a DLU |
| 900 | # | # | |a True |
| 911 | # | # | |a Hoàng Thị Huyền |
| 925 | # | # | |a G |
| 926 | # | # | |a A |
| 927 | # | # | |a BB |
| 980 | # | # | |a Thư viện Trường Đại học Đà Lạt |